00539nam a2200121Ia 4500008004100000041001200041082001200053100007000065245016100135260006600296300000900362536004600371211220s9999 xx 000 0 eng d aEnglish aRS.0833 aSrivastava, Anand KumaruMahatma Gandhi Kashi VidyapithvVaranasi 2aA study of social support, self efficacy, depression and quality of life of asymptomatic HIV+, symptomatic HIV+ and AIDS patients / cAnand Kumar Srivastava aNew Delhi :bIndian Council oF Social Science Research,c2013 a82p. aIndian Council of Social Science Research